Élelmiszereink radioaktív szennyezettségének vizsgálata és az eredmények értékelése a környezeti szennyezők változásának figyelembevételével

Als Fortsetzung ihrer früheren regelmässigen Untersuchungen wurde von den Verfassern die Änderung der künstlichen radioaktiven Verunreinigungen durch Analyse von Mustern pflanzlichen und tierischen Ursprungs kontrolliert. Am Ende des Jahres 1976 wurde — als Felge der experimentellen Explosionen — in...

Teljes leírás

Elmentve itt :
Bibliográfiai részletek
Szerzők: Kovács József
Kiss Béla
Liszonyiné Gacsályi Márta
Nedelkovits János
Dokumentumtípus: Cikk
Megjelent: Lapkiadó Vállalat Budapest 1977
Sorozat:Élelmiszervizsgálati közlemények 23 No. 1-2
Kulcsszavak:Radioaktív szennyezettség - mérés - élelmiszerek és környezet
Tárgyszavak:
Online Access:http://acta.bibl.u-szeged.hu/80708
LEADER 02403nab a2200289 i 4500
001 acta80708
005 20230826105704.0
008 230825s1977 hu o 0|| hun d
040 |a SZTE Egyetemi Kiadványok Repozitórium  |b hun 
041 |a hun 
041 |a eng 
041 |a ger 
041 |a rus 
100 1 |a Kovács József 
245 1 0 |a Élelmiszereink radioaktív szennyezettségének vizsgálata és az eredmények értékelése a környezeti szennyezők változásának figyelembevételével  |h [elektronikus dokumentum] /  |c  Kovács József 
260 |a Lapkiadó Vállalat  |b Budapest  |c 1977 
300 |a 16-25 
490 0 |a Élelmiszervizsgálati közlemények  |v 23 No. 1-2 
520 3 |a Als Fortsetzung ihrer früheren regelmässigen Untersuchungen wurde von den Verfassern die Änderung der künstlichen radioaktiven Verunreinigungen durch Analyse von Mustern pflanzlichen und tierischen Ursprungs kontrolliert. Am Ende des Jahres 1976 wurde — als Felge der experimentellen Explosionen — in verschiedenen Mustern pflanzlichen Ursprungs eine Zunahme der künstlichen Radioaktivität beobachtet. Ihre Untersuchungsmethoden im Laboratorium wurden weiterentwickelt und erfolgreich in einem Messystem m it vielen Kanälen zur Bestimmung von aus experimentellen Explosionen stammenden frühzeitigen Spaltungsprodukte angewendet. In continuation of their earlier systematic investigations the changes in nuclear radioactive contamination were examined by the analysis of samples of vegetable and animal origin. A t the end of the year 1976, an increase of the nuclear radioactivity was detected in various samples of vegetable origin as a result of experimental nuclear explosions. Their earlier laboratory methods of investigation were further developed, and a multichannel measuring system was applied successfully for the determination of early fission products originating from experimental nuclear explosions. 
650 4 |a Műszaki és technológiai tudományok 
650 4 |a Egyéb műszaki tudományok és technológiák 
650 4 |a Élelmiszer és italfélék 
695 |a Radioaktív szennyezettség - mérés - élelmiszerek és környezet 
700 0 1 |a Kiss Béla  |e aut 
700 0 2 |a Liszonyiné Gacsályi Márta  |e aut 
700 0 2 |a Nedelkovits János  |e aut 
856 4 0 |u http://acta.bibl.u-szeged.hu/80708/1/elelmiszervizsgalati_kozlemenyek_1977_01-02_16-25.pdf  |z Dokumentum-elérés